Guess The Food Brand! #2 - Statistics

General Stats
  • This quiz has been taken 30 times
    16 since last reset
  • The average score is 10 of 21
Answer Stats
Picture Answer % Correct
Lunchables
79%
Tabasco
71%
Nature Valley
64%
Betty Crocker
57%
Dippin Dots
57%
Jim Beam
57%
Laughing Cow
57%
Miracle Whip
57%
Philadelphia
57%
Popsicle
57%
A1
50%
HP
50%
Bertolli
43%
Mortons
43%
Swiss Miss
43%
Keebler
36%
Rice Krispies
36%
Indomie
29%
Mccormicks
29%
Olmeca
21%
Sabra
21%
No matching quizzes found
Score Distribution
Percent of People with Each Score
Percentile by Number Answered
Your Score History
You have not taken this quiz since the last reset